| 000 | 00997nam a22002777a 4500 | ||
|---|---|---|---|
| 001 | 7166 | ||
| 003 | FISKH | ||
| 005 | 20250701083322.0 | ||
| 008 | 250701b cb ||||| |||| 00| 0 eng d | ||
| 020 | _a9789352760343 | ||
| 040 |
_aFISKH _beng _cFISKH _dFISKH |
||
| 050 | _aPZ7 | ||
| 082 | _a428.2 | ||
| 100 | _aAnonymous | ||
| 245 |
_aSammy and Sally's Sunday : _bFun with letter S / |
||
| 260 |
_aUttar Pradesh : _bOm Kidz, _c2017. |
||
| 300 |
_a32 pages : _bcolor illustrations ; _c22 cm |
||
| 490 |
_aAll set to read : _vPre-K, learning letters |
||
| 505 | _aC | ||
| 520 | _aSammy and Sally spend a fun Sunday with their family. They plan to buy sweets, but the sweet shop is unexpectedly closed, which leaves them disappointed. Their thoughtful daddy then prepares a delightful surprise to cheer them up. | ||
| 521 | 8 |
_a150
_bLexile estimate |
|
| 521 | 8 |
_aC
_bRaz-Plus |
|
| 650 |
_aPhonics short S _vFamily outing _xEarly reader |
||
| 942 |
_2ddc _cBK _n0 |
||
| 999 |
_c7166 _d7166 |
||